Представление документа в формате RUSMARC

ПолеНазваниеЗначение
  Тип записи a
  Библиографический уровень m
001 Контрольный номер 73003c380d994f81bfbf35c8050547f6
005 Дата корректировки 20140526193205.2
200 Заглавие и сведения об ответственности __
a Заглавие Т.2
215 Физическое описание __
a Объем 211
300 Общие примечания __
a Общие примечания 1экз.
461 Уровень набора __
1 200
a Международные торговые и финансовые обычаи:В 3т.
v Т.2
1 210
a М.
d 1995
610 Ключевые слова __
a Ключевые слова международная торговля
610 Ключевые слова __
a Ключевые слова кредитные отношения
686 Индексы других классификаций __
a Классификационный индекс 65.9(2)865.9(2)826
2 Код системы rubbk
686 Индексы других классификаций __
a Классификационный индекс 65.9(2)843
2 Код системы rubbk
801 Источник записи _0
a Страна RU
b Организация РУК
c Дата составления 20000831
g Правила каталогизации PSBO
801 Источник записи _1
a Страна RU
b Организация РУК
c Дата составления 20000831
g Правила каталогизации PSBO
852 Данные о местонахождении __
i Авторский знак М43
j Шифр хранения 65.9(2)826+65.9(2)843
901 Тип документа __
t Тип документа n
938 Служебная информация __
a Название организации Головной вуз
b Имя БД BOOK
c Название АИБС АИБС ИРБИС